000 00575nam a22002297a 4500
003 UA-OsUOA
001 48855
007 ta
008 20070912b un ||||| |||| 00| 0 ukr d
100 _aІвакін Ю.
090 _a821.161.2
_bИ99
942 _cBK
040 _aUA-OsUOA
_bukr
_cUA-OsUOA
_dUA-OsUOA
245 _aГумор і сатира
300 _a287 с.
955 _a3
041 _aukr
080 _a821.161.2
260 _aК.
_bДніпро
_c1979
650 7 _a82 Література. Літературознавство
_2UDC
999 _c334973
_d334973